| 000 | 00469nam a2200169 i 4500 | ||
|---|---|---|---|
| 001 | bg | ||
| 003 | KOSZ 005 | ||
| 005 | 20200727080727.0 | ||
| 008 | s pl f |000 0 pol | ||
| 040 | _cBPK | ||
| 041 | _apol | ||
| 080 | _a538.9 | ||
| 245 | 0 |
_aElektronnye i ionnye processy v tverdych telach. _n5 |
|
| 260 |
_aTbilisi, _c1973. |
||
| 856 |
_uhttp://koha.tu.koszalin.pl/cgi-bin/koha/opac-detail.pl?biblionumber=25804 _yKatalog online BPK |
||
| 942 |
_cKS _2UKD |
||
| 999 |
_c25804 _d25804 |
||